Every page perfect : (Record no. 494093)

MARC details
000 -LEADER
fixed length control field 01469aam a2200337 a 4500
001 - CONTROL NUMBER
control field everypageperfect00lynn
003 - CONTROL NUMBER IDENTIFIER
control field CaSfIA
005 - DATE AND TIME OF LATEST TRANSACTION
control field 20210118005221.0
007 - PHYSICAL DESCRIPTION FIXED FIELD--GENERAL INFORMATION
fixed length control field cr||||
008 - FIXED-LENGTH DATA ELEMENTS--GENERAL INFORMATION
fixed length control field 970411s1997 paua 001 0 eng
010 ## - LIBRARY OF CONGRESS CONTROL NUMBER
LC control number 97138805
040 ## - CATALOGING SOURCE
Original cataloging agency DLC
Transcribing agency DLC
Modifying agency BAKER
-- BTCTA
-- YDXCP
-- CaSfIA
020 ## - INTERNATIONAL STANDARD BOOK NUMBER
International Standard Book Number 096374982X
020 ## - INTERNATIONAL STANDARD BOOK NUMBER
International Standard Book Number 9780963749826
035 ## - SYSTEM CONTROL NUMBER
System control number (OCoLC)38217926
050 00 - LIBRARY OF CONGRESS CALL NUMBER
Classification number PN160
Item number .L95 1997
082 00 - DEWEY DECIMAL CLASSIFICATION NUMBER
Classification number 808/.027
Edition number 21
029 1# - (OCLC)
OCLC library identifier NZ1
System control number 1198149
100 1# - MAIN ENTRY--PERSONAL NAME
Personal name Lynn, Mary.
245 10 - TITLE STATEMENT
Title Every page perfect :
Medium [electronic resource]
Remainder of title a full-size manual for manuscript format and submission protocol /
Statement of responsibility, etc by Mary Lynn.
250 ## - EDITION STATEMENT
Edition statement Toad Hall ed., rev. and updated glossary & index.
260 ## - PUBLICATION, DISTRIBUTION, ETC. (IMPRINT)
Place of publication, distribution, etc Laceyville, Pa. :
Name of publisher, distributor, etc Toad Hall Press,
Date of publication, distribution, etc c1997.
300 ## - PHYSICAL DESCRIPTION
Extent xix, 185 p. :
Other physical details ill. ;
Dimensions 28 cm.
500 ## - GENERAL NOTE
General note Includes index.
506 ## - RESTRICTIONS ON ACCESS NOTE
Standardized terminology for access restriction Необхідна авторизація на https://archive.org/ (створення облікового запису безкоштовно)
506 ## - RESTRICTIONS ON ACCESS NOTE
Standardized terminology for access restriction Необхідна авторизація на https://openlibrary.org/ (створення облікового запису безкоштовно)
650 #0 - SUBJECT ADDED ENTRY--TOPICAL TERM
Topical term or geographic name as entry element Manuscript preparation (Authorship)
856 41 - ELECTRONIC LOCATION AND ACCESS
Uniform Resource Identifier <a href="http://www.archive.org/details/everypageperfect00lynn">http://www.archive.org/details/everypageperfect00lynn</a>
Public note Free eBook from the Internet Archive
856 42 - ELECTRONIC LOCATION AND ACCESS
Uniform Resource Identifier <a href="http://www.openlibrary.org/books/OL745748M">http://www.openlibrary.org/books/OL745748M</a>
Public note Additional information and access via Open Library
942 ## - ADDED ENTRY ELEMENTS (KOHA)
Koha item type ЕКнига

No items available.